00432pab a2200145 454500008004000000100002700040245007100067260000900138300001500147362000800162650002500170650001400195700002500209773005200234180718b2005 xxu||||| |||| 00| 0 eng d aFrison-Roche, Francois aThe issues involved in the reform of the Bulgarian judicial system c2005 ap.593-606. aDec aJudiciary - Bulgaria aJudiciary aSodev, Spas-Dimitrov aInternational Review of Administrative Sciences